| 000 | 01486 a2200241 4500 | ||
|---|---|---|---|
| 003 | Nust | ||
| 005 | 20230710111014.0 | ||
| 010 | _a 76049552 | ||
| 020 | _a0030896770 | ||
| 040 | _cNust | ||
| 082 | 0 | 0 | _a519.5,YOU |
| 100 | 1 |
_aYoung, Robert K. _9113472 |
|
| 245 | 1 | 0 |
_aIntroductory statistics for the behavioral sciences / _cRobert K. Young, Donald J. Veldman. |
| 250 | _a3d ed. | ||
| 260 |
_aNew York : _bHolt, Rinehart and Winston, _cc1977. |
||
| 300 |
_axii, 594 p. : _bill. ; _c25 cm. |
||
| 505 | _aIntroduction (Page-1), Distributions and Graphs Program (Page-9), Notation Single Summation Program (Page-26), Measures of Central Tendency Program (Page-45), Measures of Variability’s Program (Page-92), Standers Scores (Page-120), Foundations of Statistical Inference Program (Page-127), The Normal Distributions (Page-164), The Standard Error of the Mean Program (Page-203), The Distribution (Page-238), The F Test Comparison of Variances (Page-264), Notations Multiple Summation (Page-295), The T Test Analysis of Variance and the Comparison of Means (Page-315), Double Classification Analysis of Variance (Page-355), Chi Square (Page-387), Correlation (Page-413), Selections the Right Inferential Method (Page-449), Recent Trends in Statistics (Page-481). | ||
| 650 | 0 |
_aBehavioral sciences _xProgrammed texts. _9113473 |
|
| 650 | 0 |
_aStatistics _xProgrammed texts. _9113474 |
|
| 650 | 0 |
_aStatistics. _969 |
|
| 700 | 1 |
_aVeldman, Donald J., _9113475 |
|
| 942 |
_2ddc _cBKB |
||
| 999 |
_c193593 _d193593 |
||